[Event "Fagernes Chess International"]
[Site "Fagernes"]
[Date "2015.03.29"]
[Round "8"]
[White "Gandrud, Vegar Koi"]
[Black "Dolzhikova, Olga"]
[Result "1-0"]
[WhiteElo "2211"]
[BlackElo "2159"]
[PlyCount "99"]
[EventDate "2015.??.??"]

1. d4 Nf6 2. Nf3 e6 3. c4 Bb4+ 4. Nbd2 O-O 5. g3 c5 6. dxc5 Bxc5 7. Nb3 Be7 8.
Bg2 Qc7 9. Nbd2 d5 10. O-O Rd8 11. Qc2 b5 12. b3 Ba6 13. Bb2 Nbd7 14. Rac1 Rac8
15. Nd4 bxc4 16. bxc4 Nb6 17. cxd5 Qxc2 18. Rxc2 Rxc2 19. Nxc2 Bxe2 20. Rc1
Nfxd5 21. Nd4 Nb4 22. N2b3 Ba6 23. Ba3 N4d5 24. Bxe7 Nxe7 25. Rc7 Rd7 26. Rxd7
Nxd7 27. f4 Bc4 28. Kf2 Bd5 29. Bxd5 Nxd5 30. Nc6 a6 31. Ke2 f6 32. Kd3 Kf7 33.
Kd4 Nc7 34. a4 g5 35. fxg5 fxg5 36. Nc5 Nf6 37. Ke5 Ng4+ 38. Kd6 Ne8+ 39. Kd7
Nef6+ 40. Kd8 Nd5 41. Nxa6 Nxh2 42. Nc7 Nb6 43. a5 Na4 44. a6 Ng4 45. a7 Nb6
46. Nb5 Nf6 47. Nd6+ Kg6 48. Kc7 Nfd5+ 49. Kb7 h5 50. Ne7+ 
1-0

[Event "Fagernes Chess International"]
[Site "Fagernes"]
[Date "2015.03.29"]
[Round "8"]
[White "Merkesvik, Sondre"]
[Black "Risting, Eivind Olav"]
[Result "1-0"]
[WhiteElo "2135"]
[BlackElo "2100"]
[PlyCount "99"]
[EventDate "2015.??.??"]

1. Nf3 d5 2. d4 c6 3. g3 e6 4. Bg2 Bd6 5. c4 f5 6. Bf4 Bxf4 7. gxf4 Nf6 8. O-O
O-O 9. Ne5 Qe8 10. e3 h6 11. Nc3 Kh7 12. b4 Rg8 13. a4 Nbd7 14. a5 g5 15. fxg5
hxg5 16. f4 Nxe5 17. fxe5 Ne4 18. Bxe4 dxe4 19. Kf2 Qg6 20. Ke1 Kg7 21. Kd2 Rh8
22. Rf2 Bd7 23. Na4 Rad8 24. Qe2 Rh3 25. Rg1 Rdh8 26. Rg3 Rxg3 27. hxg3 Rh3 28.
Rg2 Qh6 29. Qf2 Be8 30. Nc5 b6 31. Nb7 Kg8 32. Nd6 Bg6 33. Nc8 Qf8 34. Nd6 bxa5
35. b5 cxb5 36. cxb5 Qh6 37. Qe2 Qh5 38. Qc4 Qf3 39. Re2 Qxg3 40. Qxe6+ Kg7 41.
Qf6+ Kh7 42. Nxf5 Bxf5 43. Qxf5+ Kh6 44. Qf6+ Kh5 45. Qf7+ Kh6 46. Qf8+ Kg6 47.
Qg8+ Kh5 48. Qh7+ Kg4 49. Qxe4+ Kh5 50. Rg2 1-0

[Event "Fagernes Chess International"]
[Site "Fagernes"]
[Date "2015.03.29"]
[Round "8"]
[White "Martinsen, Stig K."]
[Black "Bjerke, Richard"]
[Result "1-0"]
[WhiteElo "2157"]
[BlackElo "2180"]
[PlyCount "82"]
[EventDate "2015.??.??"]

1. e4 c5 2. Nc3 Nc6 3. f4 g6 4. Nf3 Bg7 5. Bb5 Nd4 6. O-O Nxb5 7. Nxb5 a6 8.
Nc3 d6 9. d3 e6 10. Be3 Nf6 11. h3 O-O 12. d4 cxd4 13. Bxd4 b5 14. e5 Nh5 15.
exd6 Qxd6 16. Bxg7 Qxd1 17. Raxd1 Kxg7 18. Ne5 Nf6 19. Rd4 Bb7 20. a4 Rfc8 21.
Rf2 Nd5 22. axb5 axb5 23. Nxb5 Ra1+ 24. Kh2 Ne3 25. Nd6 Rd8 26. Nexf7 Rb8 27.
Kg3 Ba8 28. Re2 Rxb2 29. Rxe3 Rxc2 30. Kh4 Bxg2 31. Ng5 h6 32. Nxe6+ Kf6 33.
Ne8+ Kf7 34. Nd6+ Kf6 35. Ne8+ Kf7 36. Nd8+ Kf8 37. Rd7 g5+ 38. fxg5 hxg5+ 39.
Kh5 Bf3+ 40. Kxg5 Ra5+ 41. Kf6 Bh5 
1-0

[Event "Fagernes Chess International"]
[Site "Fagernes"]
[Date "2015.03.29"]
[Round "8"]
[White "Vovk, Oksana"]
[Black "Getz, Nicolai"]
[Result "0-1"]
[WhiteElo "2112"]
[BlackElo "2367"]
[PlyCount "112"]
[EventDate "2015.??.??"]

1. d4 Nf6 2. c4 g6 3. g3 Bg7 4. Bg2 O-O 5. Nc3 d6 6. e4 e5 7. Nge2 exd4 8. Nxd4
Re8 9. O-O Nbd7 10. h3 a6 11. Be3 Rb8 12. Re1 Ne5 13. b3 Nfd7 14. a4 Nc5 15.
Bf1 Bd7 16. f3 h5 17. Rc1 h4 18. g4 Nc6 19. Rb1 f5 20. b4 Ne6 21. Nxe6 Bxe6 22.
Nd5 fxe4 23. fxe4 Ne5 24. c5 Bf7 25. cxd6 Qxd6 26. Bg2 c6 27. Bc5 Qd8 28. Bb6
Qc8 29. Nf4 Nc4 30. Bf2 Qc7 31. Qc1 Rbd8 32. Bxh4 Rd2 33. Ne2 Qd6 34. Rd1 Qd3
35. Bg5 Qxe2 36. Rxd2 Nxd2 37. Qxd2 Qc4 38. Kh1 Rxe4 39. Rc1 Qxb4 40. Bxe4
Qxe4+ 41. Kg1 Bd4+ 42. Kf1 Qf3+ 43. Ke1 c5 44. Bh6 Qh1+ 45. Ke2 Qg2+ 46. Ke1
Qxh3 47. Qf4 Qh1+ 48. Ke2 Qg2+ 49. Ke1 Qa2 50. g5 Qxa4 51. Kf1 Qb5+ 52. Ke1
Qb4+ 53. Kf1 Bc4+ 54. Kg2 Qb2+ 55. Kh3 Be6+ 56. Kh4 Qf2+ 0-1

[Event "Fagernes Chess International"]
[Site "Fagernes"]
[Date "2015.03.29"]
[Round "8"]
[White "Havik, Victor"]
[Black "Djurhuus, Eivind X"]
[Result "0-1"]
[WhiteElo "2160"]
[BlackElo "2077"]
[PlyCount "94"]
[EventDate "2015.??.??"]

1. d4 Nf6 2. c4 c5 3. d5 b5 4. cxb5 a6 5. bxa6 g6 6. Nc3 Bg7 7. e4 O-O 8. Nf3
Qa5 9. Bd2 Bxa6 10. Bxa6 Qxa6 11. Qe2 d6 12. a3 Nbd7 13. h3 Rfb8 14. Ra2 Nb6
15. Qxa6 Rxa6 16. Kd1 Na4 17. Kc2 Nxc3 18. Bxc3 Nxe4 19. Re1 Nf6 20. Bxf6 Bxf6
21. Nd2 Re8 22. a4 e6 23. Ra3 Rb8 24. dxe6 Rxb2+ 25. Kd3 fxe6 26. Rxe6 Kf7 27.
Re3 d5 28. Rf3 Re6 29. a5 c4+ 30. Nxc4 dxc4+ 31. Kxc4 Rc6+ 32. Kd5 Ra6 33. Kc4
Kg7 34. Rad3 Rc6+ 35. Kd5 Rbc2 36. g4 R2c5+ 37. Ke4 Re6+ 38. Kf4 Be5+ 39. Ke3
Bc7+ 40. Kd4 Rxa5 41. Kc3 Ra3+ 42. Kc2 Re2+ 43. Kd1 Rxd3+ 44. Kxe2 Rxf3 45.
Kxf3 g5 46. h4 h6 47. Ke4 Kf6 
0-1

[Event "Fagernes Chess International"]
[Site "Fagernes"]
[Date "2015.03.29"]
[Round "8"]
[White "Mihajlov, Svetoslav"]
[Black "GrÃ¸nnestad, Anita"]
[Result "1-0"]
[WhiteElo "2203"]
[BlackElo "1987"]
[PlyCount "119"]
[EventDate "2015.??.??"]

1. d4 d5 2. Nf3 Nf6 3. c4 e6 4. cxd5 exd5 5. Qc2 Be7 6. Bg5 O-O 7. Nc3 c6 8. e3
Nbd7 9. Bd3 Re8 10. O-O Nf8 11. Rab1 a5 12. a3 b6 13. Ne5 Bb7 14. Na4 b5 15.
Nc3 N6d7 16. Bxe7 Qxe7 17. Nxd7 Qxd7 18. Ne2 Qd6 19. Ng3 Ng6 20. Nf5 Qf6 21.
Rbc1 Re6 22. Qe2 Nf4 23. Qd2 Nxd3 24. Qxd3 b4 25. Rfe1 Ba6 26. Qb1 bxa3 27.
bxa3 Ree8 28. Ng3 Rab8 29. Qc2 Bc4 30. Rb1 g6 31. Nf1 Bxf1 32. Rxf1 Qd6 33. Qc3
a4 34. h3 Rec8 35. Rfc1 h6 36. Rb4 Rxb4 37. axb4 Rb8 38. Qxc6 Qxb4 39. Qxd5 a3
40. Kh2 Qb2 41. Rc6 Kg7 42. Ra6 Re8 43. Kg3 Re6 44. Ra8 Qb6 45. Qd7 a2 46. Kh2
a1=Q 47. Rxa1 Qb8+ 48. Kg1 Rb6 49. Qe7 Re6 50. Qc5 Qb2 51. Ra8 Qb7 52. Qf8+ Kf6
53. Qh8+ Kf5 54. Ra5+ Ke4 55. Qxh6 Qb1+ 56. Kh2 Kd3 57. Qf4 Qe1 58. Ra3+ Ke2
59. Qf3+ Kd2 60. Qb7 1-0

[Event "Fagernes Chess International"]
[Site "Fagernes"]
[Date "2015.03.29"]
[Round "8"]
[White "Kjølberg, Jens Hjorth"]
[Black "Kaasen, Tor Fredrik"]
[Result "0-1"]
[WhiteElo "2094"]
[BlackElo "2099"]
[PlyCount "64"]
[EventDate "2015.??.??"]

1. d4 e6 2. c4 d5 3. Nc3 c6 4. e3 f5 5. Bd3 Bd6 6. Nge2 Nf6 7. Qc2 Ne4 8. O-O
O-O 9. f3 Nf6 10. a3 Nh5 11. Nf4 Nxf4 12. exf4 dxc4 13. Bxc4 Bxf4 14. Qf2 Bc7
15. Rd1 Qf6 16. f4 Nd7 17. Be3 Rd8 18. Rac1 Nf8 19. Ba2 Bd7 20. d5 Bd6 21. dxc6
Bxc6 22. Bxa7 Bxf4 23. Rxd8 Qxd8 24. Qxf4 Rxa7 25. Qxf5 Ra5 26. Bxe6+ Kh8 27.
Qf7 Nxe6 28. Re1 Ng5 29. Qf4 h6 30. h4 Nh7 31. Rd1 Qf6 32. Qb8+ Nf8 
0-1

[Event "Fagernes Chess International"]
[Site "Fagernes"]
[Date "2015.03.29"]
[Round "9"]
[White "Vovk, Andrey"]
[Black "Hammer, Jon Ludvig"]
[Result "1/2-1/2"]
[WhiteElo "2644"]
[BlackElo "2651"]
[PlyCount "73"]
[EventDate "2015.??.??"]

1. e4 e5 2. Nf3 Nc6 3. Bc4 Bc5 4. c3 Nf6 5. d3 d6 6. O-O O-O 7. h3 Ne7 8. Nbd2
Ng6 9. Re1 Bb6 10. Nf1 c6 11. Bb3 d5 12. Bg5 dxe4 13. dxe4 h6 14. Be3 Bxe3 15.
Nxe3 Nxe4 16. Nc4 Nc5 17. Ncxe5 Nxe5 18. Rxe5 Qxd1+ 19. Rxd1 Nxb3 20. axb3 Be6
21. Nd4 Rfd8 22. b4 b6 23. Ra1 Bd7 24. f3 Kf8 25. Kf2 Rdb8 26. Ra3 a5 27. bxa5
c5 28. Rd5 cxd4 29. Rxd7 bxa5 30. cxd4 Rxb2+ 31. Kg3 Rbb8 32. Rc3 Rd8 33. Rb7
Rab8 34. Ra7 Ra8 35. Rb7 Rab8 36. Ra7 Ra8 37. Rb7 1/2-1/2

[Event "Fagernes Chess International"]
[Site "Fagernes"]
[Date "2015.03.29"]
[Round "9"]
[White "Donchenko, Alexander"]
[Black "Postny, Evgeny"]
[Result "1/2-1/2"]
[WhiteElo "2569"]
[BlackElo "2645"]
[PlyCount "102"]
[EventDate "2015.??.??"]

1. d4 d5 2. c4 c6 3. Nf3 Nf6 4. e3 a6 5. Bd3 Bg4 6. Nbd2 e6 7. b3 Nbd7 8. Bb2
Bd6 9. Qc2 Qb8 10. O-O O-O 11. h3 Bh5 12. Nh4 Bg6 13. Nxg6 hxg6 14. e4 dxe4 15.
Nxe4 Nxe4 16. Bxe4 Nf6 17. Bf3 e5 18. Rfe1 Re8 19. Rad1 exd4 20. Rxe8+ Qxe8 21.
Bxd4 Qe7 22. c5 Bc7 23. Be2 Rd8 24. Bxf6 Rxd1+ 25. Qxd1 gxf6 26. Bc4 Kg7 27. g3
Ba5 28. a3 Bc3 29. Qd3 Bb2 30. b4 f5 31. Kf1 Qe4 32. Qxe4 fxe4 33. a4 Ba3 34.
b5 axb5 35. axb5 cxb5 36. Bxb5 Bxc5 37. Bc4 f5 38. h4 Kf6 39. Bb5 Ke7 40. Kg2
Bd4 41. Ba4 b6 42. Bb5 Kf6 43. Be8 Bc5 44. Kf1 g5 45. hxg5+ Kxg5 46. Bd7 Kf6
47. Ke2 Ke5 48. Kf1 Kd4 49. Ke2 Bd6 50. Kf1 f4 51. gxf4 Bxf4 1/2-1/2

[Event "Fagernes Chess International"]
[Site "Fagernes"]
[Date "2015.03.29"]
[Round "9"]
[White "Vovk, Yuri"]
[Black "Werle, Jan"]
[Result "0-1"]
[WhiteElo "2588"]
[BlackElo "2514"]
[PlyCount "110"]
[EventDate "2015.??.??"]

1. d4 f5 2. g3 Nf6 3. Bg2 g6 4. Nf3 Bg7 5. O-O O-O 6. b3 d6 7. Bb2 c6 8. c4 Qc7
9. Nbd2 Re8 10. d5 cxd5 11. Rc1 dxc4 12. Nxc4 Qd8 13. b4 d5 14. Na5 e6 15. Nd4
b6 16. Nac6 Nxc6 17. Nxc6 Qd6 18. Be5 Qf8 19. Qa4 Bd7 20. b5 Ng4 21. Bc7 Bxc6
22. Rxc6 Qf7 23. Rfc1 Ne5 24. Bxe5 Bxe5 25. Qb3 Rad8 26. a4 Bd6 27. e3 Bc5 28.
Rd1 Qg7 29. a5 Qe5 30. a6 Rd7 31. h4 h6 32. Rd3 g5 33. Qd1 g4 34. Kf1 h5 35.
Qb3 Kg7 36. Rd1 Ree7 37. Rd3 Rc7 38. Rxc7 Rxc7 39. Rd2 Bd6 40. Rc2 Qa1+ 41. Ke2
Rc5 42. Rxc5 bxc5 43. Bxd5 exd5 44. Qxd5 Qb2+ 45. Kd1 Qb1+ 46. Kd2 Qb4+ 47. Kd1
c4 48. Qxf5 c3 49. Qg5+ Kf8 50. Qd5 Ke7 51. Qg5+ Kd7 52. Qd5 Qb1+ 53. Ke2 Qb2+
54. Kf1 c2 55. Qc6+ Ke7 {0-1 (55) Vovk,Y (2588)-Werle,J (2514) Fagernes 2015}
0-1

[Event "Fagernes Chess International"]
[Site "Fagernes"]
[Date "2015.03.29"]
[Round "9"]
[White "Kulaots, Kaido"]
[Black "Agdestein, Simen"]
[Result "0-1"]
[WhiteElo "2558"]
[BlackElo "2620"]
[PlyCount "76"]
[EventDate "2015.??.??"]

1. e4 e6 2. d4 d5 3. e5 c5 4. c3 Bd7 5. Nf3 Nc6 6. Be2 h6 7. O-O a6 8. Na3 cxd4
9. cxd4 Bxa3 10. bxa3 Na5 11. a4 Ne7 12. Ba3 Nc4 13. Bxc4 dxc4 14. Nd2 b5 15.
Ne4 O-O 16. Qg4 Bc6 17. Nf6+ Kh8 18. Bxe7 Qxe7 19. Qf4 Rfd8 20. Rae1 Qf8 21.
Nh5 Rd5 22. Re3 Rad8 23. Rd1 f6 24. axb5 axb5 25. Rg3 fxe5 26. Qc1 exd4 27. Nf4
Qd6 28. Nxd5 Qxd5 29. Qa3 Qd6 30. Qa7 Rd7 31. Qb6 b4 32. Qa6 c3 33. Qd3 e5 34.
Rg6 Qd5 35. Qf5 e4 36. Qf8+ Kh7 37. Rg4 c2 38. Re1 d3 0-1

[Event "Fagernes Chess International"]
[Site "Fagernes"]
[Date "2015.03.29"]
[Round "9"]
[White "Romanov, Evgeny"]
[Black "Graf, Felix"]
[Result "0-1"]
[WhiteElo "2613"]
[BlackElo "2478"]
[PlyCount "76"]
[EventDate "2015.??.??"]

1. d4 Nf6 2. Nf3 b6 3. Bg5 Bb7 4. e3 g6 5. c4 Ne4 6. Bh4 Bg7 7. Nfd2 Nd6 8. Nc3
Nf5 9. Bg5 h6 10. Bf4 d6 11. d5 e5 12. dxe6 fxe6 13. Bd3 Bxc3 14. bxc3 Nd7 15.
e4 Ne7 16. Bc2 Nc6 17. O-O Qf6 18. Be3 O-O-O 19. Nb3 g5 20. a4 a5 21. Rb1 Rhg8
22. Bd4 Qf7 23. f3 h5 24. Bd3 Qe7 25. Be3 Nce5 26. Be2 g4 27. f4 Nf3+ 28. Kh1
Nxh2 29. Kxh2 Qh4+ 30. Kg1 Bxe4 31. Bd3 g3 32. Rf3 Bxf3 33. Qxf3 Ne5 34. Qa8+
Kd7 35. Qe4 Rdf8 36. Nd4 Rg4 37. Nf3 Nxf3+ 38. Qxf3 Rgxf4 0-1

[Event "Fagernes Chess International"]
[Site "Fagernes"]
[Date "2015.03.29"]
[Round "9"]
[White "Urkedal, Frode Olav Olsen"]
[Black "Johannessen, Leif E"]
[Result "1/2-1/2"]
[WhiteElo "2524"]
[BlackElo "2527"]
[PlyCount "79"]
[EventDate "2015.??.??"]

1. d4 d5 2. c4 c6 3. Nf3 Nf6 4. Nc3 dxc4 5. a4 e6 6. e3 c5 7. Bxc4 Nc6 8. O-O
cxd4 9. exd4 Be7 10. Qe2 O-O 11. Rd1 Nb4 12. Bg5 h6 13. Bh4 Bd7 14. Ne5 Bc6 15.
Rac1 Bd5 16. Nxd5 Nfxd5 17. Bg3 Bg5 18. Rb1 Rc8 19. Bb3 Qe7 20. Re1 Rfd8 21.
Rbd1 Bf4 22. Qe4 Qf6 23. Rf1 Rc7 24. h4 a5 25. Kh1 h5 26. Nc4 Rdc8 27. Ne3 Bxg3
28. fxg3 Qd8 29. Nxd5 Nxd5 30. Qe5 Nf6 31. Qxa5 Qd6 32. Qe1 Qb6 33. Rf3 Rd8 34.
Qe5 Rcd7 35. Rdf1 Qxd4 36. Qg5 Qg4 37. Rf4 Qxg5 38. hxg5 Nd5 39. Bxd5 exd5 40.
Rd4 1/2-1/2

[Event "Fagernes Chess International"]
[Site "Fagernes"]
[Date "2015.03.29"]
[Round "9"]
[White "Burmakin, Vladimir"]
[Black "Hauge, Lars Oskar"]
[Result "1-0"]
[WhiteElo "2581"]
[BlackElo "2380"]
[PlyCount "77"]
[EventDate "2015.??.??"]

1. d4 Nf6 2. Nf3 g6 3. c3 Bg7 4. Bf4 O-O 5. e3 d6 6. Be2 b6 7. a4 a6 8. h3 Bb7
9. O-O Nbd7 10. Qb3 Ra7 11. c4 Ne4 12. Rd1 c5 13. d5 Qc7 14. Qc2 Nef6 15. Nc3
Raa8 16. e4 Rad8 17. Bh2 Rfe8 18. Bf1 Qb8 19. Qe2 Qa8 20. Qc2 Qb8 21. Rd3 e6
22. dxe6 Rxe6 23. Ng5 Ree8 24. Rxd6 Qa8 25. Rad1 Bf8 26. R6d3 h6 27. Nf3 Bxe4
28. Nxe4 Qxe4 29. Qd2 Qb7 30. Ne5 Re7 31. Be2 Rde8 32. Bf3 Qc8 33. Nc6 Re4 34.
Bxe4 Rxe4 35. f3 Re6 36. Nb8 Nxb8 37. Rd8 Qc6 38. Bxb8 Kg7 39. Bf4 1-0

[Event "Fagernes Chess International"]
[Site "Fagernes"]
[Date "2015.03.29"]
[Round "9"]
[White "Tari, Aryan"]
[Black "Christiansen, Johan-Sebastian"]
[Result "1-0"]
[WhiteElo "2509"]
[BlackElo "2351"]
[PlyCount "95"]
[EventDate "2015.??.??"]

1. d4 Nf6 2. c4 c5 3. d5 b5 4. cxb5 a6 5. bxa6 g6 6. Nc3 Bg7 7. e4 O-O 8. a7
Rxa7 9. Nf3 e6 10. dxe6 fxe6 11. Bd3 Nc6 12. O-O Nb4 13. Be2 Ba6 14. Be3 Qc7
15. h3 d5 16. a3 d4 17. axb4 Bxe2 18. Rxa7 Qxa7 19. Qxe2 dxe3 20. Qxe3 Nd7 21.
Rd1 Rb8 22. bxc5 Nxc5 23. e5 Qc7 24. Qe2 Nd7 25. Nb5 Qb7 26. Qc4 Nf8 27. Nbd4
Rc8 28. Qe2 Rb8 29. Rb1 Qd5 30. Rc1 Qb7 31. Rc2 Ra8 32. Qc4 Ra1+ 33. Kh2 Qe4
34. Nc6 Ra4 35. b4 Qxc4 36. Rxc4 Nd7 37. Rd4 Nf8 38. b5 Rxd4 39. Nfxd4 Nd7 40.
f4 Kf7 41. Nd8+ Ke7 42. N4c6+ Ke8 43. Nxe6 Bh6 44. g4 Nb6 45. Kg3 Bf8 46. Nxf8
Kxf8 47. f5 gxf5 48. gxf5 1-0

[Event "Fagernes Chess International"]
[Site "Fagernes"]
[Date "2015.03.29"]
[Round "9"]
[White "Rozentalis, Eduardas"]
[Black "Røyset, Pål"]
[Result "1-0"]
[WhiteElo "2549"]
[BlackElo "2251"]
[PlyCount "47"]
[EventDate "2015.??.??"]

1. e4 e5 2. Nf3 Nc6 3. Bb5 g6 4. d4 exd4 5. Nxd4 Bg7 6. Be3 Qf6 7. c3 a6 8.
Nxc6 axb5 9. Bd4 Qg5 10. Bxg7 Qxg2 11. Rf1 dxc6 12. Nd2 Bg4 13. f3 Be6 14. Bxh8
f6 15. Qe2 Qg5 16. e5 f5 17. a3 Qf4 18. Bf6 Kf7 19. Rg1 Nxf6 20. exf6 Re8 21.
O-O-O Bb3 22. Qd3 Kxf6 23. Rde1 Be6 24. Qe3 1-0

[Event "Fagernes Chess International"]
[Site "Fagernes"]
[Date "2015.03.29"]
[Round "9"]
[White "Wallace, John Paul"]
[Black "Salomon, Johan"]
[Result "0-1"]
[WhiteElo "2388"]
[BlackElo "2401"]
[PlyCount "162"]
[EventDate "2015.??.??"]

1. Nf3 Nf6 2. c4 c6 3. Nc3 d5 4. e3 a6 5. Qc2 e6 6. b3 Bd6 7. d4 Nbd7 8. Be2 e5
9. cxd5 cxd5 10. dxe5 Nxe5 11. Bb2 O-O 12. O-O Qe7 13. Rad1 Be6 14. Ng5 Rac8
15. Qb1 Ng6 16. Nxe6 fxe6 17. Rc1 Ne5 18. Rc2 Qf7 19. Qd1 Qg6 20. h3 Nf7 21.
Bd3 Qh6 22. f4 Bc5 23. Qf3 Ne5 24. fxe5 Nh5 25. Nd1 Rxf3 26. Rxf3 Rc6 27. Rxc5
Rxc5 28. g4 Rc7 29. gxh5 Qxh5 30. Kg2 Rf7 31. Be2 Qg6+ 32. Kf2 Qc2 33. Rxf7
Kxf7 34. b4 Kg6 35. h4 h5 36. Bd4 Qe4 37. Kg3 Qh1 38. Nf2 Qg1+ 39. Kf3 Qh2 40.
Nd3 Qh3+ 41. Kf2 Qxh4+ 42. Kg2 Qg5+ 43. Kf1 h4 44. Nf4+ Kf7 45. Bh5+ Kg8 46.
Be8 Qg3 47. Bd7 g5 48. Bxe6+ Kh7 49. Nxd5 Qf3+ 50. Kg1 g4 51. Nf6+ Kg6 52. Bxg4
Qg3+ 53. Kf1 h3 54. Bh5+ Kh6 55. Be2 h2 56. Ng4+ Qxg4 57. Bxg4 h1=Q+ 58. Kf2
Qh2+ 59. Kf3 Kg5 60. Bd7 Qxa2 61. e6 Qd5+ 62. Kf2 Qf5+ 63. Kg3 Qg4+ 64. Kf2
Qf5+ 65. Kg3 Qd5 66. Kf2 Qe4 67. Bc5 Qf5+ 68. Kg3 a5 69. Be7+ Kg6 70. bxa5 Qxa5
71. Bd6 Qg5+ 72. Kf2 Qf5+ 73. Bf4 Kf6 74. Ke2 Ke7 75. Kd2 b5 76. Kc3 Qc5+ 77.
Kb3 Qc4+ 78. Kb2 Qc5 79. Bg3 Qxe3 80. Bh4+ Kd6 81. Bd8 b4 0-1

[Event "Fagernes Chess International"]
[Site "Fagernes"]
[Date "2015.03.29"]
[Round "9"]
[White "Mikalsen, Erlend"]
[Black "Mihajlov, Sebastian"]
[Result "1/2-1/2"]
[WhiteElo "2161"]
[BlackElo "2308"]
[PlyCount "22"]
[EventDate "2015.??.??"]

1. e4 e5 2. Nf3 Nc6 3. Bb5 a6 4. Bxc6 dxc6 5. O-O Be6 6. Nc3 f6 7. d4 exd4 8.
Nxd4 Bc4 9. Re1 c5 10. Nb3 Qxd1 11. Rxd1 b6 1/2-1/2

[Event "Fagernes Chess International"]
[Site "Fagernes"]
[Date "2015.03.29"]
[Round "9"]
[White "Gandrud, Vegar Koi"]
[Black "Haug, Johannes"]
[Result "1-0"]
[WhiteElo "2211"]
[BlackElo "2339"]
[PlyCount "121"]
[EventDate "2015.??.??"]

1. d4 f5 2. c4 g6 3. g3 Bg7 4. Bg2 Nf6 5. Nf3 O-O 6. O-O d6 7. Nc3 Nc6 8. d5
Ne5 9. Nxe5 dxe5 10. f3 e6 11. e4 Qe7 12. Qe2 f4 13. g4 exd5 14. Nxd5 Qc5+ 15.
Qf2 Qd6 16. Bd2 b6 17. Bb4 c5 18. Bc3 Ba6 19. b3 Nxd5 20. Rfd1 Bb7 21. cxd5 Bf6
22. a3 a5 23. Bf1 g5 24. Rab1 Rfc8 25. Rdc1 Kf7 26. Rc2 Kg6 27. Kh1 Be7 28. Qd2
Qc7 29. Ba1 Bd6 30. b4 axb4 31. axb4 Ra3 32. Be2 Ba6 33. Bxa6 Rxa6 34. bxc5
bxc5 35. Bc3 Rca8 36. Rcb2 Ra1 37. Qc1 Rxb1 38. Qxb1 Rb8 39. Rxb8 Qxb8 40. Qxb8
Bxb8 41. Kg2 h5 42. h3 hxg4 43. hxg4 Kf6 44. Kf2 c4 45. Ke2 Ba7 46. Bb4 Kf7 47.
Kd2 Bd4 48. Kc2 Ke8 49. Bd6 Kf7 50. Kb1 Bc3 51. Ka2 Kf6 52. Ka3 Ba5 53. Bb4 Bb6
54. Bc3 Bc7 55. Kb4 Ke7 56. Kxc4 Kd7 57. Kb5 Bd6 58. Bb4 Bc7 59. d6 Bb8 60. Kb6
Bxd6 61. Bxd6 1-0

[Event "Fagernes Chess International"]
[Site "Fagernes"]
[Date "2015.03.29"]
[Round "9"]
[White "Getz, Nicolai"]
[Black "Goossens, Hanne"]
[Result "1-0"]
[WhiteElo "2367"]
[BlackElo "2168"]
[PlyCount "99"]
[EventDate "2015.??.??"]

1. e4 c5 2. Nf3 d6 3. d4 cxd4 4. Nxd4 Nf6 5. Nc3 Nc6 6. Bg5 e6 7. Qd2 a6 8.
O-O-O Bd7 9. f4 b5 10. Nxc6 Bxc6 11. Qd4 Be7 12. Be2 Qc7 13. Bf3 Rc8 14. Bxf6
gxf6 15. Kb1 a5 16. Rd2 b4 17. Nd1 Bb5 18. Be2 Bxe2 19. Rxe2 Qc5 20. Qd3 h5 21.
Ne3 Rg8 22. c3 Kd7 23. Rc1 Rc6 24. Rcc2 Rgc8 25. cxb4 Qxb4 26. a3 Qb6 27. Rxc6
Rxc6 28. Rc2 Rxc2 29. Kxc2 Qc5+ 30. Qc3 Kc6 31. Qxc5+ Kxc5 32. Kd3 a4 33. Nd1
Kb5 34. f5 Bf8 35. Nc3+ Ka5 36. h4 Bh6 37. Ne2 Kb6 38. Ng3 Bc1 39. Kc2 Be3 40.
Nxh5 Bf2 41. g3 Kc5 42. fxe6 fxe6 43. Nf4 Kd4 44. h5 Kxe4 45. h6 Bxg3 46. h7
Bxf4 47. h8=Q Bg5 48. Qa8+ d5 49. Qxa4+ d4 50. Qc6+ 1-0

[Event "Fagernes Chess International"]
[Site "Fagernes"]
[Date "2015.03.29"]
[Round "9"]
[White "Haugli, Petter"]
[Black "Martinsen, Stig K"]
[Result "0-1"]
[WhiteElo "2247"]
[BlackElo "2157"]
[PlyCount "82"]
[EventDate "2015.??.??"]

1. d4 Nf6 2. c4 e6 3. Nc3 Bb4 4. f3 O-O 5. e4 d5 6. e5 Nfd7 7. cxd5 exd5 8. f4
c5 9. Be3 cxd4 10. Bxd4 Nc6 11. Nf3 Nxd4 12. Nxd4 Nxe5 13. Qd2 Nc6 14. O-O-O
Re8 15. Nc2 Bg4 16. Nxb4 Nxb4 17. Bb5 Bxd1 18. Bxe8 Bg4 19. a3 d4 20. axb4 dxc3
21. Qxd8 Rxd8 22. Re1 cxb2+ 23. Kxb2 Rd2+ 24. Kc3 Re2 25. Rxe2 Bxe2 26. Ba4 Bf1
27. g3 Kf8 28. Bb3 Bg2 29. Kd4 Ke7 30. Bc4 f6 31. b5 Kd6 32. Bd3 h6 33. h4 Bf3
34. Bc4 Bh1 35. Bd3 Bd5 36. Be2 Be6 37. Bd3 Bd7 38. Be2 Bf5 39. Bc4 Bd7 40. Bd3
Bc8 41. Bc4 a5 0-1

[Event "Fagernes Chess International"]
[Site "Fagernes"]
[Date "2015.03.29"]
[Round "9"]
[White "Dann, Matthias"]
[Black "Merkesvik, Sondre"]
[Result "1-0"]
[WhiteElo "2475"]
[BlackElo "2135"]
[PlyCount "137"]
[EventDate "2015.??.??"]

1. c4 Nf6 2. Nf3 g6 3. Nc3 d5 4. cxd5 Nxd5 5. h4 Bg7 6. h5 Nxc3 7. bxc3 c5 8.
Qa4+ Qd7 9. Qh4 Bf6 10. Qg3 Qd6 11. Qxd6 exd6 12. e3 g5 13. h6 Bf5 14. d4 Nd7
15. Kd2 Rg8 16. Bd3 Bxd3 17. Kxd3 Be7 18. e4 f6 19. Nh2 Kf7 20. Ng4 Rgd8 21.
Ne3 b5 22. Nd5 a5 23. a3 Rab8 24. f4 g4 25. Rb1 f5 26. exf5 Nf6 27. Nc7 b4 28.
axb4 axb4 29. cxb4 Rxb4 30. Rxb4 cxb4 31. Bd2 d5 32. Ne6 Ra8 33. Ng5+ Kg8 34.
Rc1 g3 35. Rc7 Bf8 36. Rb7 Bxh6 37. Rxb4 Ra3+ 38. Ke2 Ra2 39. Rb8+ Kg7 40. Rb7+
Kg8 41. Kd3 Ra3+ 42. Kc2 Ra2+ 43. Rb2 Rxb2+ 44. Kxb2 Bf8 45. Kc2 h6 46. Ne6 Bd6
47. Kd3 Ne4 48. Ba5 Kf7 49. Bd8 Be7 50. Bb6 Bd6 51. Bc7 Ke7 52. Bd8+ Kf7 53.
Ke3 Be7 54. Bc7 Kf6 55. Be5+ Kxf5 56. Nc7 Nc3 57. Kf3 Bh4 58. Ne8 Ne4 59. Ng7+
Kg6 60. f5+ Kg5 61. Bc7 Nd2+ 62. Ke2 Ne4 63. Kf3 Nd2+ 64. Ke3 Ne4 65. Bd8+ Nf6
66. Kf3 h5 67. Be7 Kh6 68. Ne6 Bg5 69. Bf8+ 1-0

[Event "Fagernes Chess International"]
[Site "Fagernes"]
[Date "2015.03.29"]
[Round "9"]
[White "Djurhuus, Eivind X"]
[Black "Galinsky, Timofey"]
[Result "1/2-1/2"]
[WhiteElo "2077"]
[BlackElo "2411"]
[PlyCount "76"]
[EventDate "2015.??.??"]

1. Nf3 d5 2. g3 c6 3. Bg2 Nf6 4. c4 h6 5. O-O e6 6. d4 Nbd7 7. Nbd2 Be7 8. Qc2
O-O 9. Rd1 b5 10. b3 a5 11. a4 bxc4 12. bxc4 Ba6 13. e4 dxe4 14. Ne5 Qc7 15.
Nxd7 Qxd7 16. Nxe4 Rfd8 17. Ba3 Nxe4 18. Bxe4 Bf6 19. Bc5 Rab8 20. Rac1 Qc7 21.
Qc3 Rdc8 22. Qa3 Rb7 23. Rc2 Be7 24. Bxe7 Qxe7 25. Qf3 Rb4 26. Bxc6 Rxc4 27.
Rxc4 Bxc4 28. d5 exd5 29. Bxd5 Bxd5 30. Qxd5 Qb4 31. Qd7 Rb8 32. Rc1 Qe4 33.
Rc8+ Rxc8 34. Qxc8+ Kh7 35. Qd7 Qe1+ 36. Kg2 Qe4+ 37. Kg1 Qe1+ 38. Kg2 Qe4+
1/2-1/2

[Event "Fagernes Chess International"]
[Site "Fagernes"]
[Date "2015.03.29"]
[Round "9"]
[White "Dolzhikova, Olga"]
[Black "Paulet, Iozefina"]
[Result "0-1"]
[WhiteElo "2159"]
[BlackElo "2205"]
[PlyCount "76"]
[EventDate "2015.??.??"]

1. e4 e6 2. d4 d5 3. e5 c5 4. c3 Nc6 5. Nf3 Bd7 6. a3 Qb6 7. b4 cxd4 8. cxd4
Nge7 9. Be3 Nf5 10. Bd3 Be7 11. O-O O-O 12. Nc3 Nxe3 13. fxe3 Rac8 14. Rc1 f6
15. exf6 Bxf6 16. Qc2 h6 17. Qd2 Ne7 18. Bb1 Be8 19. Ne2 Bb5 20. Rc5 Rxc5 21.
bxc5 Qa6 22. Re1 Bxe2 23. Rxe2 Qxa3 24. Qc2 Nf5 25. Qd2 b6 26. g4 Ne7 27. Qc2
bxc5 28. Qh7+ Kf7 29. h4 Ke8 30. Kg2 Bxd4 31. Nxd4 cxd4 32. Bg6+ Kd7 33. Bd3
Qc1 34. Bb5+ Kd8 35. exd4 Qf1+ 36. Kh2 Qf4+ 37. Kh3 Qxd4 38. Rxe6 Rf3+ 0-1

[Event "Fagernes Chess International"]
[Site "Fagernes"]
[Date "2015.03.29"]
[Round "9"]
[White "Risting, Eivind Olav"]
[Black "Bjerke, Richard"]
[Result "1-0"]
[WhiteElo "2100"]
[BlackElo "2180"]
[PlyCount "55"]
[EventDate "2015.??.??"]

1. d4 Nf6 2. Bg5 e6 3. e4 h6 4. Bxf6 Qxf6 5. c3 d6 6. Bd3 g5 7. Ne2 h5 8. O-O
e5 9. Nd2 h4 10. a4 Nc6 11. Bb5 a6 12. Bxc6+ bxc6 13. Nc4 Bg7 14. dxe5 dxe5 15.
a5 Rb8 16. Nc1 Be6 17. Qe2 h3 18. gxh3 Rxh3 19. Ne3 Qf4 20. f3 Rd8 21. Rf2 g4
22. Nxg4 Bc4 23. Qxc4 Rd1+ 24. Kg2 Rxf3 25. Rxf3 Qxg4+ 26. Rg3 Rd2+ 27. Ne2 Qh5
28. Re1 1-0